000 00588nam a2200205Ia 4500
003 IN-BaIIA
008 211028s9999 xx 000 0 eng d
040 _cIIA Library
080 _a550.34
_bRIC
100 _aRichter, Charles F.
_94737
245 0 _aElementary seismology
_cC. F. Richter
260 _aLondon
_bW. H. Freeman
_c1958
300 _aviii,768
500 _aIncludes bibliography.
650 _aAstronomy and Astrophysics Thesaurus
650 _aEarthquakes
650 _aElastic waves
_94738
650 _aSeismology
942 _cBK
999 _c2659
_d2659